Top 10 Senegalese Football Transfer Records - Statistics

General Stats
  • This quiz has been taken 164 times
    59 since last reset
  • The average score is 8 of 10
Answer Stats
Rank Name Joined Left Season Fee % Correct
2 Sadio Mané Liverpool FC Southampton FC 16/17 €41.20m
100%
4 Sadio Mané Bayern Munich Liverpool FC 22/23 €32.00m
100%
8 Sadio Mané Al-Nassr FC Bayern Munich 23/24 €30.00m
100%
1 Kalidou Koulibaly Chelsea FC SSC Napoli 22/23 €41.90m
95%
3 Nicolas Jackson Chelsea FC Villarreal CF 23/24 €37.00m
82%
10 Idrissa Gueye Paris Saint-Germain Everton FC 19/20 €30.00m
80%
5 Abdou Diallo Paris Saint-Germain Borussia Dortmund 19/20 €32.00m
61%
9 Ismaïla Sarr Watford FC Stade Rennais FC 19/20 €30.00m
59%
7 Habib Diarra Sunderland AFC RC Strasbourg Alsace 25/26 €31.50m
41%
6 Moussa Niakhaté Olympique Lyon Nottingham Forest 24/25 €31.90m
32%
No matching quizzes found
Score Distribution
Percent of People with Each Score
Percentile by Number Answered
Your Score History
You have not taken this quiz since the last reset